The creation of the American Republic, 1776-1787 /

Bibliographic Details
Main Author: Wood, Gordon S.
Format: Book
Language:English
Published: New York : Norton, 1972
Subjects:

MARC

Tag First Indicator Second Indicator Subfields
LEADER 00000cam a2200000 4500
001 in00001179110
005 20151002050531.0
008 720605c19721969nyu b 001 0 eng
010 |a  72004595  
020 |a 0393006441 
035 |a (OCoLC)00340457 
035 |9 AGG8573AM 
040 |a DLC  |c DLC  |d TXA  |d UtOrBLW 
043 |a n-us--- 
049 |a TXAM 
050 1 0 |a JA84.U5  |b W6 1972 
082 0 |a 320.9/73/03 
100 1 |a Wood, Gordon S. 
245 1 4 |a The creation of the American Republic, 1776-1787 /  |c by Gordon S. Wood. 
264 1 |a New York :  |b Norton,  |c 1972 
264 4 |c ©1969 
300 |a xiv, 653 pages ;  |c 20 cm. 
336 |a text  |b txt  |2 rdacontent 
337 |a unmediated  |b n  |2 rdamedia 
338 |a volume  |b nc  |2 rdacarrier 
500 |a "Published for the University of Early American History and Culture at Williamsburg, Virginia"--Title page verso. 
504 |a Includes bibliographical references and index. 
536 |a In memory of Dr. Robert Wick August, 1998. 
586 |a Bancroft Prize, 1970 
650 0 |a Political science  |z United States  |x History. 
999 |a MARS 
999 f f |s ee3b5f8f-c576-33d8-8f2f-7c65c49e18a4  |i ddf271c4-9442-3820-bae0-fad6ed42abaf  |t 0 
952 f f |p ric  |a Texas A&M University  |b Rellis Campus  |c Joint Library Facility  |d Remote Storage  |t 0  |e JA84.U5 W6 1972  |h Library of Congress classification  |i unmediated -- volume  |m A14818482912 
952 f f |p normal  |a Texas A&M University  |b College Station  |c Sterling C. Evans Library  |d Evans: Library Stacks  |t 0  |e JA84.U5 W6 1972  |h Library of Congress classification  |i unmediated -- volume  |m A14823702717 
998 f f |a JA84.U5 W6 1972  |t 0  |l Evans: Library Stacks 
998 f f |a JA84.U5 W6 1972  |t 0  |l Remote Storage